000 01666nam a2200265 a 4500
003 DO-SdBNP
005 20220804103826.0
007 ta
008 220804b200? dr aob|gr|||| 001 0 spa d
040 _aDO-SdBNP
_bspa
_cBNPHU
082 4 _222
_bR426s
110 1 _aRepública Dominicana
_bServicio Nacional de Protección Ambiental
_982157
245 0 0 _aServicio nacional de protección ambiental (policía ambiental):
_bsistema de gestión institucional.
260 _aSanto Domingo :
_bGuardianes de la Naturaleza,
_c[200?]
300 _a94 p. :
_bil., fotogr., mapas ;
_c20 cm.
505 0 _aIntroducción.
_tCapítulo I: Origen y Función de la Policía Ambiental.--
_tCapítulo II: Estructura Orgnizacinal de la Policía Ambiental.--
_tCapítulo III: Gerencia Institucional.--
_tCapítulo IV: Los Delitos Ambientales.--
_tCapítulo V: Disposiciones de acuerdos internacionales.--
_tCapítulo V: Programas de Articulación.--
_tCapítulo VII: Proyectos Transversales.--
_tCapítulo VIII: Escuela Nacional de Protección Ambiental.--
_tCapítulo IX: Niveles de Coordinación Requeridos.--
_tCapítulo X: Estructura y Equipos Proyectados.
590 _aInventariado 2022 / MF
650 4 _919651
_aSistema de Gestión Institucional
_zRepública Dominicana
650 4 _94185
_aProtección del Medio Ambiente
_zRepública Dominicana
650 4 _910770
_aPolítica Ambiental
_xRepública Dominicana
651 4 _97370
_aServicio Nacional de Protección Ambiental (República Dominicana)
_xPolítica Ambiental
651 4 _aServicio Nacional de Protección Ambiental (República Dominicana)
_xSistema de Gestión Institucional
_982158
910 _aMFeliz
942 _2ddc
_cLBS1
999 _c52267
_d52267